00473nam a2200205Ia 4500003000400000005001700004008004100021020001400062040000700076041000800083082001800091100002100109245003900130250000600169260004000175300001700215365000800232650001200240650001500252OSt20250708145905.0210423s2008 xx 000 0 und d a415419174 cAL aeng a070.195bBIGI aJonathan Bignell aIntroduction to television studies a2 aNew DelhibRegal Publicationsc2008 aviii,356bPB cINR aGeneral aMass Media